Cost model (Record no. 69362)

MARC details
000 -LEADER
fixed length control field 01592cam a2200301 4500
001 - CONTROL NUMBER
control field ABS64990
008 - FIXED-LENGTH DATA ELEMENTS--GENERAL INFORMATION
fixed length control field 020125n 000 0 eng u
035 ## - SYSTEM CONTROL NUMBER
System control number (Sirsi) u116439
100 ## - MAIN ENTRY--PERSONAL NAME
Personal name Faber, O
245 ## - TITLE STATEMENT
Title Cost model
490 ## - SERIES STATEMENT
Series statement Building
Volume/sequential designation 266(8212) 30 November 2001, 56-62(7)
520 ## - SUMMARY, ETC.
Summary, etc. Looks at the revisions to Part L of the Building Regulations which aim to control CO2 emisions created by building services and come into force on 1 April 2002. Focuses on Approved Document L2, which sets out compliance requirements for non-domestic buildings and the provisions for new buildings. Requirements include minimum fabric U-values for roof, floor and wall construction, airtightness standards, provision of energy metering, provision of reports on thermal insulation, and provision of the log book. Discusses implications for designers and constructors, procurement issues and capital allowances implications. Also provides detailed assessment of the cost implications of Part L on business park schemes and city office schemes. Table giving revisions to standard U-values of construction elements.
590 ## - LOCAL NOTE (RLIN)
Local note ABS
650 ## - SUBJECT ADDED ENTRY--TOPICAL TERM
Topical term or geographic name entry element ENERGY EFFICIENCY
650 ## - SUBJECT ADDED ENTRY--TOPICAL TERM
Topical term or geographic name entry element COST MODEL
650 ## - SUBJECT ADDED ENTRY--TOPICAL TERM
Topical term or geographic name entry element U VALUES
650 ## - SUBJECT ADDED ENTRY--TOPICAL TERM
Topical term or geographic name entry element CARBON DIOXIDE EMISSIONS
650 ## - SUBJECT ADDED ENTRY--TOPICAL TERM
Topical term or geographic name entry element AIRTIGHTNESS
650 ## - SUBJECT ADDED ENTRY--TOPICAL TERM
Topical term or geographic name entry element CAPITAL ALLOWANCES
650 ## - SUBJECT ADDED ENTRY--TOPICAL TERM
Topical term or geographic name entry element BUSINESS PARKS
650 ## - SUBJECT ADDED ENTRY--TOPICAL TERM
Topical term or geographic name entry element OFFICES
650 ## - SUBJECT ADDED ENTRY--TOPICAL TERM
Topical term or geographic name entry element PART L
650 ## - SUBJECT ADDED ENTRY--TOPICAL TERM
Topical term or geographic name entry element APPROVED DOCUMENT L2
650 ## - SUBJECT ADDED ENTRY--TOPICAL TERM
Topical term or geographic name entry element BUILDING REGULATIONS
9 (RLIN) 6224
690 ## - LOCAL SUBJECT ADDED ENTRY--TOPICAL TERM (OCLC, RLIN)
Topical term or geographic name as entry element BUILT ENVIRONMENT-BUILDING STANDARDS
710 ## - ADDED ENTRY--CORPORATE NAME
Corporate name or jurisdiction name as entry element Davis Langdon and Everest
9 (RLIN) 1155
942 ## - ADDED ENTRY ELEMENTS (KOHA)
Suppress in OPAC 0
Holdings
Withdrawn status Lost status Source of classification or shelving scheme Damaged status Not for loan Home library Current library Shelving location Date acquired Total Checkouts Full call number Barcode Date last seen Copy number Price effective from Koha item type
    Dewey Decimal Classification     London London Journal article 25/01/2002   ABS64990 116439-1001 06/08/2019 1 06/08/2019 Journal article